Geography Quiz

Random Geography or City Quiz

Strange Places Quiz Stats

 Plays Quiz Updated Jan 20, 2017

Challenge
Share
Tweet
Embed
Score 0/32 Timer 09:00
1 Play Today
% Correct
Santa Claus
88.1%
Vader
82.9%
North
80.3%
Bigfoot
79.1%
Vulcan
79%
Home
78.2%
Gas
77.6%
Hell
75.7%
Electric City
75.3%
Hot Coffee
75.2%
Waterproof
72.8%
New Invention
70.5%
Needmore
68.5%
Jackpot
67.5%
Pity Me
66.2%
Joe
65.4%
% Correct
Boring
65.1%
Tuxedo
63.8%
Liberal
63.2%
Why
63.2%
Whynot
62.4%
Center of the World
62%
Big Four
61.8%
No Name
61.1%
Broadstairs
60.3%
Truth or Consequences
59.1%
Between
54.3%
Hopeulikit
53.1%
Saint-Louis-du-Ha! Ha!
49.9%
George
49.2%
Earth
44.8%
Bird-in-Hand
44.7%

You're not logged in!

Compare scores with friends on all Sporcle quizzes.
OR
Log In

You Might Also Like...

Show Comments

Extras

Top Quizzes Today


Score Distribution

Your Account Isn't Verified!

In order to create a playlist on Sporcle, you need to verify the email address you used during registration. Go to your Sporcle Settings to finish the process.

Report this User

Report this user for behavior that violates our Community Guidelines.

Details: